[Event "Bhubaneswar op-A 14th"]
[Site "Bhubaneswar"]
[Date "2023.06.14"]
[Round "5"]
[White "Mummana, Venkata Ruthvik"]
[Black "Ritesh, Maddukuri"]
[Result "1-0"]
[WhiteElo "1737"]
[BlackElo "1462"]
[PlyCount "51"]
[EventDate "2023.06.11"]
[EventType "swiss"]
[EventRounds "10"]
[EventCountry "IND"]
[SourceTitle "CBM 214 Extra"]
[Source "ChessBase"]
[SourceDate "2023.07.31"]
[SourceVersion "1"]
[SourceVersionDate "2023.07.31"]
[SourceQuality "1"]

1. e4 e6 2. d4 d5 3. Nd2 dxe4 4. Nxe4 Bd7 5. Nf3 Bc6 6. Bd3 Nd7 7. 0-0 Ngf6 8. Ng3 Bd6 9. Re1 0-0 10. Bd2 Bxf3 11. Qxf3 c6 12. c4 c5 13. Bc3 Qc7 14. dxc5 Bxc5 15. Ne4 Be7 16. Re3 Rfd8 17. Rae1 Rac8 18. Qh3 g6 19. Ng5 Bf8 20. Nxh7 Nxh7 21. Bxg6 Nhf6 22. Bxf7+ Kxf7 23. Qxe6+ Kg6 24. Rg3+ Qxg3 25. hxg3 Re8 26. Qh3 1-0